Normal view
MARC view
Entry Personal Name
001 - CONTROL NUMBER
- control field: 39532
003 - CONTROL NUMBER IDENTIFIER
- control field: ARRUPE
005 - DATE AND TIME OF LATEST TRANSACTION
- control field: 20180226100007.0
008 - FIXED-LENGTH DATA ELEMENTS
- fixed length control field: 180226|| aca||aabn | a|a d
040 ## - CATALOGING SOURCE
- Original cataloging agency: ARRUPE
- Transcribing agency: ARRUPE
100 ## - HEADING--PERSONAL NAME
- Personal name: Basila De Sa, Artur
670 ## - SOURCE DATA FOUND
- Source citation: Work cat.: (ARRUPE): Basila De Sa, Artur , Documentacao para a historia das missoes do padroado portugues do oriente, 1954-